Loading...
| Painting/Sculpture | 0 | 5 | 1 | 0 | 45 | 12 | 41.00 | 2 | 5 |
| History - American History | 0 | 5 | 1 | 0 | 45 | 47 | 53.00 | 2 | 4 |
| Literature - American Literature | 0 | 4 | 0 | 1 | 40 | 63 | 77.50 | 0 | 1 |
| History - World History | 0 | 5 | 2 | 0 | 40 | 18 | 38.60 | 4 | 5 |
| Literature - World Literature | 0 | 3 | 0 | 0 | 30 | 51 | 77.00 | 1 | 1 |
| Literature - British Literature | 0 | 3 | 0 | 0 | 30 | 29 | 64.00 | 0 | 2 |
| Religion | 0 | 4 | 3 | 1 | 25 | 27 | 58.75 | 1 | 3 |
| Fine Arts - Classical Music | 0 | 3 | 1 | 0 | 25 | 49 | 63.33 | 0 | 2 |
| Literature - European Literature | 0 | 3 | 1 | 1 | 25 | 81 | 100.00 | 0 | 2 |
| History - European History | 0 | 3 | 1 | 1 | 25 | 35 | 64.33 | 1 | 2 |
| Social Science | 0 | 2 | 1 | 1 | 15 | 56 | 79.50 | 0 | 0 |
| Philosophy | 0 | 2 | 1 | 1 | 15 | 57 | 84.50 | 1 | 1 |
| History - Other History | 0 | 1 | 0 | 0 | 10 | 44 | 44.00 | 1 | 1 |
| Pop Culture | 0 | 1 | 0 | 0 | 10 | 26 | 26.00 | 0 | 0 |
| Fine Arts - Other Fine Arts | 0 | 1 | 1 | 0 | 5 | 47 | 47.00 | 1 | 1 |
| Mythology | 0 | 0 | 0 | 0 | 0 | 0.00 | 0 | 0 | |
| Current Events | 0 | 0 | 3 | 0 | -15 | 0.00 | 0 | 0 |